Voces y costumbres de Catamarca (Record no. 776)
[ view plain ]
| 000 -LEADER | |
|---|---|
| campo de control de longitud fija | 00732nam a2200265 a 4500 |
| 003 - IDENTIFICADOR DE NÚMERO DE CONTROL | |
| campo de control | AR-BaBNM |
| 005 - FECHA Y HORA DE LA ÚLTIMA TRANSACCIÓN | |
| campo de control | 20251128202829.0 |
| 008 - DATOS DE LONGITUD FIJA--INFORMACIÓN GENERAL | |
| campo de control de longitud fija | 082120s2002 ||||||||||||||000 | spa|| |
| 040 ## - FUENTE DE CATALOGACIÓN | |
| Centro/agencia transcriptor | AR-BaBNM |
| 100 1# - ENTRADA PRINCIPAL--NOMBRE DE PERSONA | |
| Nombre de persona | Villafuerte, Carlos |
| 245 00 - MENCIÓN DEL TÍTULO | |
| Título | Voces y costumbres de Catamarca |
| Resto del título | A-K |
| Número de parte o sección de la obra | 1 |
| 260 ## - PUBLICACIÓN, DISTRIBUCIÓN, ETC. | |
| Lugar de publicación, distribución, etc. | Buenos Aires |
| Nombre del editor, distribuidor, etc. | Academia Argentina de Letras |
| Fecha de publicación, distribución, etc. | 1961 |
| 300 ## - DESCRIPCIÓN FÍSICA | |
| Extensión | xx, 399 p. |
| Otros detalles físicos | mapas |
| 500 ## - NOTA GENERAL | |
| Nota general | Contiene índice de colaboradores en p. viii-xiv |
| 504 ## - NOTA DE BIBLIOGRAFÍA, ETC. | |
| Nota de bibliografía, etc. Nota | Bibliografía p. xvi-xx |
| 650 #4 - PUNTO DE ACCESO ADICIONAL DE MATERIA--TÉRMINO DE MATERIA | |
| Término de materia o nombre geográfico como elemento de entrada | VOCABULARIO |
| 650 #4 - PUNTO DE ACCESO ADICIONAL DE MATERIA--TÉRMINO DE MATERIA | |
| Término de materia o nombre geográfico como elemento de entrada | COSTUMBRES Y TRADICIONES |
| 650 #4 - PUNTO DE ACCESO ADICIONAL DE MATERIA--TÉRMINO DE MATERIA | |
| Término de materia o nombre geográfico como elemento de entrada | LEXICO |
| 650 #4 - PUNTO DE ACCESO ADICIONAL DE MATERIA--TÉRMINO DE MATERIA | |
| Término de materia o nombre geográfico como elemento de entrada | FILOLOGIA |
| 650 #4 - PUNTO DE ACCESO ADICIONAL DE MATERIA--TÉRMINO DE MATERIA | |
| Término de materia o nombre geográfico como elemento de entrada | INVESTIGACION LINGÜISTICA |
| 650 #4 - PUNTO DE ACCESO ADICIONAL DE MATERIA--TÉRMINO DE MATERIA | |
| Término de materia o nombre geográfico como elemento de entrada | DICCIONARIOS |
| 651 #4 - PUNTO DE ACCESO ADICIONAL DE MATERIA--NOMBRE GEOGRÁFICO | |
| Nombre geográfico | Catamarca |
| 942 ## - ELEMENTOS DE ENTRADA SECUNDARIOS (KOHA) | |
| Tipo de ítem Koha | Libros |
| 998 ## - INFORMACIÓN DE CONTROL LOCAL (RLIN) | |
| Iniciales del catalogador, CIN (RLIN) | isola |
| Estatus retirado | Estado de pérdida | Fuente de la clasificación o esquema de estantería | Estado de daño | Restricciones de uso | No para préstamo | Biblioteca de origen | Biblioteca actual | Fecha de adquisición | Total de préstamos | Signatura topográfica completa | Código de barras | Visto por última vez | Precio de reemplazo | Tipo de ítem Koha |
|---|---|---|---|---|---|---|---|---|---|---|---|---|---|---|
| Clasificación Decimal Dewey | Acceso restringido | No para préstamo | Liberty | Liberty | 28/11/2025 | 398[82] VIL 1 | 035227 | 28/11/2025 | 28/11/2025 | Libros |